|
|
|
|
| LEADER |
00000nab a2200000uu 4500 |
| 001 |
vtls011486734 |
| 003 |
SK-MaSNL |
| 005 |
20260303154452.0 |
| 008 |
230222|1979 xo |||||||||||||||||cze| |
| 015 |
|
|
|a SNBRB
|
| 035 |
|
|
|a (urnnbn)urn:nbn:sk:snk:ar-007a3t
|
| 035 |
|
|
|a (uuid)c6261315-5466-4261-93d0-7b387213be2f
|
| 035 |
|
|
|a urn:nbn:sk:snk-abdcsr
|
| 040 |
|
|
|a SNKBUCL
|b slo
|c SNKBUCL
|e AACR2
|
| 041 |
0 |
|
|a cze
|
| 044 |
|
|
|a xo
|c SK
|
| 100 |
1 |
|
|a Matoušek, Vladimír
|4 aut
|9 308201
|
| 245 |
1 |
0 |
|a Od mezinárodních kongresů moderní architektury (CIAM) k dnešku
|c Vladimír Matoušek
|
| 773 |
0 |
|
|t Urbanita : vedecko-technické informácie z oblasti urbanizmu a územného plánovania
|g Roč. 6-1978, č. 3 (1979), s. 112-131
|
| 958 |
|
|
|a OND
|
| 958 |
|
|
|a EUIPO
|
| 958 |
|
|
|a article18
|
| 999 |
|
|
|c 2034471
|d 2036401
|